000 00923nam a2200265Ia 4500
003 OSt
005 20220923215032.0
006 a|||||r|||| 00| 0
007 ta
008 220922b |||||||| |||| 00| 0 hin d
024 _a175,081
037 _cTextual
040 _aARTS
_cARTS
_bhin
041 _2hin
_ahin
082 _aO152:g, J3
100 _aशुक्ल, प्रेमनारायण
245 0 _aहिन्दी साहित्य में विविध वाद
246 _aHindī sāhitya mean vividh vāda
260 _aकानपुर
_b पदन्जा प्रका0
_c1953
300 _a526 पृ.
_ccm.
650 _a हिन्दी साहित्य
_9156264
650 _aहिन्दी साहित्य
_9156264
942 _hO152:g, J3
_cTEXL
_2CC
999 _c328785
_d328785